|
|
|
|
| LEADER |
01243nam a2200325 a 4500 |
| 001 |
35443 |
| 003 |
BD-DhAAL |
| 005 |
20191021102431.0 |
| 008 |
191021t1996 bg a b 001 0 eng |
| 999 |
|
|
|c 41640
|d 41640
|
| 010 |
|
|
|a 96903921
|
| 020 |
|
|
|a 8173041482
|
| 020 |
|
|
|a 9840514873
|
| 040 |
|
|
|a DLC
|c DLC
|b BD-DhAAL
|
| 042 |
|
|
|a lcode
|
| 043 |
|
|
|a a-pk---
|
| 050 |
0 |
0 |
|a BP63.P2
|b M348 1996
|
| 082 |
0 |
0 |
|a 297.27095491
|2 21
|
| 100 |
1 |
|
|a Malik, Jamal.
|9 36213
|
| 245 |
1 |
0 |
|a Colonialization of Islam :
|b dissolution of traditional institutions in Pakistan /
|c Jamal Malik.
|
| 260 |
|
|
|a Dhaka :
|b University press limited,
|c 1996.
|
| 300 |
|
|
|a xiv, 359 pages :
|b illustrations ;
|c 22 cm.
|
| 504 |
|
|
|a Includes bibliographical references (pages [337]-354) and index.
|
| 526 |
|
|
|a BIED
|
| 541 |
|
|
|a Complimentary copy from BIED
|e 35443
|
| 650 |
|
0 |
|a Islam and state
|z Pakistan.
|9 36214
|
| 651 |
|
0 |
|a Pakistan
|x Politics and government.
|9 36215
|
| 852 |
|
|
|a Ayesha Abed Library
|c General Stacks
|
| 942 |
|
|
|2 ddc
|c BK
|
| 952 |
|
|
|0 0
|1 0
|2 ddc
|4 0
|6 297_270954910000000_MAL
|7 0
|9 66856
|a BRACUL
|b BRACUL
|c GEN
|d 2019-10-21
|e Complimentary copy from BIED
|l 0
|o 297.27095491 MAL
|p 3010035443
|r 2019-10-21
|t 1
|w 2019-10-21
|y BK
|x Transferred from BIED to General Stacks
|